KOHA-Header-6

Research Methodology : A Step -by-Step Guide for Beginners (Record no. 1372)

000 -LEADER
fixed length control field 00355nam a2200133Ia 4500
008 - FIXED-LENGTH DATA ELEMENTS--GENERAL INFORMATION
fixed length control field 190723s9999 xx 000 0 und d
020 ## - INTERNATIONAL STANDARD BOOK NUMBER
International Standard Book Number 978-93-515-0133-6
100 ## - MAIN ENTRY--PERSONAL NAME
Personal name Ranjit Kumar
245 #0 - TITLE STATEMENT
Title Research Methodology : A Step -by-Step Guide for Beginners
250 ## - EDITION STATEMENT
Edition statement 4th
260 ## - PUBLICATION, DISTRIBUTION, ETC. (IMPRINT)
Place of publication, distribution, etc New Delhi
Name of publisher, distributor, etc Sage Publications
Date of publication, distribution, etc 2016
300 ## - PHYSICAL DESCRIPTION
Extent 404
942 ## - ADDED ENTRY ELEMENTS (KOHA)
Koha item type Books
Holdings
Withdrawn status Lost status Source of classification or shelving scheme Damaged status Not for loan Collection code Permanent Location Current Location Shelving location Date acquired Total Checkouts Full call number Barcode Date last seen Date checked out Price effective from Koha item type
          Management MAJU MAJU   2019-07-23 3 1.42 7996 2022-09-15 2022-09-07 2019-07-23 Management

Powered by Koha